Psoriaza z pohledu čínské medicíny

Bibliographic Details
Format: Article
Language:Czech
PhysicalDescription:Fotogr.
ISSN:1335-9134
Subjects:

MARC

LEADER 00000nab a2200000 ar4500
001 vtls008625165
003 SK-MaSNL
005 20260303071859.0
008 060222c2005 xo |||| | | 000 b|cze
015 |a SNBRB2006/02  |2 snkbucl 
038 |a SNKBUCL 
040 |a SNKBUCL  |b slo  |c SNKBUCL  |e AACR2 
041 0 |a cze 
044 |a xo  |c SK 
080 |a 616.517  |2 1997 
080 |a 61(510)  |2 1997 
245 0 0 |a Psoriaza z pohledu čínské medicíny  |c www.tcm.cz 
300 |b Fotogr. 
650 0 7 |a psoriáza  |2 snkbucl  |9 13681 
650 0 7 |a čínska medicína  |2 snkbucl  |9 68703 
773 0 |t Vitalita  |g Č. 5 (2005), s. 20-21  |x 1335-9134 
852 |a SNK  |b KIS3GCP 
958 |a ME 
958 |a CZ 
999 |c 1761803  |d 1763733